000 00332nam a22001457a 4500
008 210511b ||||| |||| 00| 0 eng d
020 _a9781566703475
041 _aeng
080 _23rd
_a574
082 _a574
100 _a9
101 _aMJE
245 _aHemeon's Plant & Process Ventilation
_cJeff Burton
942 _2udc
_cBK
999 _c57177
_d57177